<?xml version="1.0" encoding="UTF-8"?>
<marc:record xmlns:marc="http://www.loc.gov/MARC21/slim">
   <marc:leader>00000nam a2200000 a 4500</marc:leader>
   <marc:datafield ind1="1" ind2=" " tag="100">
      <marc:subfield code="a">Hutter, Katharina</marc:subfield>
      <marc:subfield code="4">aut</marc:subfield>
      <marc:subfield code="e">Verfasser/-in</marc:subfield>
   </marc:datafield>
   <marc:datafield ind1=" " ind2=" " tag="653">
      <marc:subfield code="a">Kochbuch</marc:subfield>
   </marc:datafield>
   <marc:datafield ind1=" " ind2=" " tag="653">
      <marc:subfield code="a">Österreich</marc:subfield>
   </marc:datafield>
   <marc:datafield ind1="0" ind2="0" tag="245">
      <marc:subfield code="a">Salzburger Bäuerinnen kochen</marc:subfield>
   </marc:datafield>
   <marc:datafield ind1="0" ind2="0" tag="245">
      <marc:subfield code="b">einfach gute Rezepte</marc:subfield>
   </marc:datafield>
   <marc:datafield ind1=" " ind2="1" tag="264">
      <marc:subfield code="b">Edition Löwenzahn</marc:subfield>
      <marc:subfield code="c">1996</marc:subfield>
   </marc:datafield>
   <marc:datafield ind1="1" ind2=" " tag="520">
      <marc:subfield code="a">Ein weiterer Band mit Spezialitäten der regionalen Küche aus der bewährten Reihe "Einfach gute Rezepte".  Das vorliegende Kochbuch stammt aus der Reihe des Verlags Edition Löwenzahn, die sich den Spezialitäten der regionalen Küche Österreichs widmet. Dem Grundsatz "Nicht alles zu jeder Zeit, sondern alles zu seiner Zeit" trägt die ländlich-bäuerliche Küche seit jeher Rechnung, so auch die hier versammelten Rezepte. Jedes Kapitel wird von einem Text eingeleitet, der die jeweilige Region zu charakterisieren und auf die Eigenart der jeweiligen Gerichte einzustimmen sucht. Die zu einem großen Teil fleischlosen Rezepte bieten Anregungen für eine abwechslungsreiche und gleichzeitig ausgewogene Gestaltung des Speisezettels. Besonders hervorzuheben ist das Kapitel "Vorratshaltung", das köstliche Vorschläge bereithält, die durch ihre Einfachheit auch im Zeitalter der Tiefkühltruhen bestehen können.   *bn* Sonja Schachinger</marc:subfield>
   </marc:datafield>
   <marc:datafield ind1=" " ind2=" " tag="020">
      <marc:subfield code="a">9783706621137</marc:subfield>
      <marc:subfield code="9">9783706621137</marc:subfield>
   </marc:datafield>
</marc:record>
